[Event "BAN-chT Golden Jubilee 2021-22"]
[Site "Dhaka"]
[Date "2022.03.17"]
[Round "8.13"]
[White "Manon, Reja Neer"]
[Black "Zia, Tahsin Tajwar"]
[Result "1/2-1/2"]
[WhiteElo "2209"]
[BlackElo "2283"]
[Annotator "ChessBase"]
[PlyCount "60"]
[EventDate "2022.03.10"]
[EventType "team-tourn"]
[EventCountry "BAN"]
[SourceTitle "playchess.com"]
[Source "ChessBase"]
[SourceQuality "1"]
[TimeControl "40/5400+30:1800+30"]

1. e4 {[%emt 0:01:21]} c6 {[%emt 0:00:41]} 2. d4 {[%emt 0:02:48]} d5 {[%emt 0:00:07]} 3. Nc3 {[%emt 0:00:11]} dxe4 {[%emt 0:00:24]} 4. Nxe4 {[%emt 0:00:02]} Nf6 {[%emt 0:00:09]} 5. Nxf6+ {[%emt 0:00:07]} exf6 {[%emt 0:00:07]} 6. c3 {[%emt 0:01:31]} Bd6 {[%emt 0:00:08]} 7. Bd3 {[%emt 0:00:28]} O-O {[%emt 0:00:08]} 8. Qc2 {[%emt 0:00:01]} Re8+ {[%emt 0:00:08]} 9. Ne2 {[%emt 0:00:04]} h5 {[%emt 0:00:06]} 10. Be3 {[%emt 0:00:03]} Nd7 {[%emt 0:00:10]} 11. O-O-O {[%emt 0:00:18]} Nf8 {[%emt 0:01:30]} 12. Kb1 {[%emt 0:05:44]} Be6 {[%emt 0:00:34]} 13. c4 {[%emt 0:01:40]} Rc8 {[%emt 0:00:36]} 14. Nc3 {[%emt 0:01:59]} Bb4 {[%emt 0:00:07]} 15. Ne4 {[%emt 0:16:56]} Be7 {[%emt 0:01:52]} 16. Rhe1 {[%emt 0:13:42]} b5 {[%emt 0:19:09]} 17. c5 {[%emt 0:17:42]} f5 {[%emt 0:06:19]} 18. Nc3 {[%emt 0:01:50]} b4 {[%emt 0:01:33]} 19. Ne2 {[%emt 0:00:33]} Qd5 {[%emt 0:09:07]} 20. b3 {[%emt 0:00:31]} Qd7 {[%emt 0:01:18]} 21. Ba6 {[%emt 0:05:49]} Bd5 {[%emt 0:06:55]} 22. Nf4 {[%emt 0:04:56]} Be4 {[%emt 0:17:07]} 23. Bd3 {[%emt 0:01:43]} Bxd3 {[%emt 0:01:19]} 24. Nxd3 {[%emt 0:00:47]} a5 {[%emt 0:01:05]} 25. Ne5 {[%emt 0:02:03]} Qd5 {[%emt 0:09:40]} 26. g3 {[%emt 0:09:51]} Ne6 {[%emt 0:04:47]} 27. Nc4 {[%emt 0:03:45]} Bd8 {[%emt 0:05:18]} 28. Nd6 {[%emt 0:01:12]} Bc7 {[%emt 0:00:07]} 29. Nxc8 {[%emt 0:07:23]} Rxc8 {[%emt 0:00:16]} 30. Qc4 {[%emt 0:00:00]} Rd8 {[%emt 0:01:08]} 1/2-1/2

[Event "BAN-chT Golden Jubilee 2021-22"]
[Site "Dhaka"]
[Date "2022.03.17"]
[Round "8.14"]
[White "Puranik, Abhimanyu"]
[Black "Bharath Subramaniyam H"]
[Result "1-0"]
[WhiteElo "2618"]
[BlackElo "2508"]
[Annotator "TA"]
[PlyCount "83"]
[EventDate "2022.03.10"]
[EventType "team-tourn"]
[EventCountry "BAN"]
[SourceTitle "playchess.com"]
[Source "ChessBase"]
[SourceQuality "1"]

{[%evp 27,83,0,0,0,24,27,37,0,0,0,54,54,42,43,75,28,37,52,60,25,40,12,53,0,0,0,0,0,0,0,0,-28,0,-37,-47,-75,-69,-73,-72,-148,-37,-117,-114,-110,850,842,807,790,29990,29991,29991,29992,29992,29992,29993,29993,29993,29994]} 1. e4 c5 2. Nf3 e6 3. d4 cxd4 4. Nxd4 Nf6 5. Nc3 Nc6 6. Nxc6 bxc6 7. e5 Nd5 8. Ne4 Qc7 9. f4 Qb6 10. c4 Bb4+ 11. Ke2 f5 12. Nf2 Ba6 13. Kf3 Ne7 14. Be3 Bc5 15. Bxc5 {B45: Sicilian Four Knights.} Qxc5 16. Qd6 Qb6 {[#]} 17. Qa3 $1 $146 {[%mdl 8] And now c5 would win. White is slightly better. An important novelty.} ({Predecessor:} 17. b3 c5 18. Rd1 Bb7+ 19. Ke3 Kf7 20. Qxb6 axb6 21. Rxd7 Bc6 22. Rd2 Ra3 23. Nd3 Rd8 24. Rg1 Be4 25. Nc1 Rxd2 26. Kxd2 Nc6 {1-0 (56) Karjakin,S (2757)-Vidit,S (2726) chess24.com INT 2021}) 17... c5 18. h4 $1 Nc6 (18... Rd8 $11) 19. Rd1 Bb7 20. Kg3 Nd4 21. Nd3 (21. b4 $16 Qc7 22. bxc5) 21... Rc8 $11 22. Qc3 {[%cal Od3c5]} Nc6 ({Less strong is} 22... d6 23. exd6 Qxd6 24. Nxc5 $1 Qxc5 25. Qxd4 Qxd4 26. Rxd4 $16) 23. Qd2 O-O 24. Qf2 Ne7 (24... Nd8 $11) 25. Rh3 (25. b3 $14) 25... Rfd8 26. Kh2 d5 27. exd6 Rxd6 28. h5 Be4 29. Re1 h6 30. Ne5 Nc6 31. Nxc6 Qxc6 32. Rg3 Rcd8 33. b4 ({Better is} 33. Rg6) 33... Rd2 (33... cxb4 $17 {Hoping for ...Qc7.} 34. Qxa7 R6d7) 34. Re2 (34. Qxc5 $15 Qxc5 35. bxc5) 34... R2d4 $17 35. bxc5 Rxc4 $2 {[%mdl 8192] [#] Black cannot hold the game after this.} (35... Qxc5 $17 36. Rd2 e5 37. Rxd4 Rxd4) 36. Rd2 $1 $18 Rxd2 37. Qxd2 {Threatening mate with Qd8+.} Rc2 38. Qd8+ {White mates.} ({Not} 38. Qd4 Qc7 $11) 38... Kf7 39. Qh8 g5 40. hxg6+ {[%cal Bh5g6,Bg6g7][%mdl 32]} Ke7 41. Qh7+ Kd8 42. g7 {Weighted Error Value: White=0.17 (very precise) /Black=0.36} 1-0

[Event "BAN-chT Golden Jubilee 2021-22"]
[Site "Dhaka"]
[Date "2022.03.17"]
[Round "8.15"]
[White "Nitish Belurkar"]
[Black "Mitrabha, Guha"]
[Result "1/2-1/2"]
[WhiteElo "2447"]
[BlackElo "2510"]
[Annotator "TA"]
[PlyCount "118"]
[EventDate "2022.03.10"]
[EventType "team-tourn"]
[EventCountry "BAN"]
[SourceTitle "playchess.com"]
[Source "ChessBase"]
[SourceQuality "1"]

{[%evp 20,118,8,12,12,0,17,0,9,-5,25,0,0,0,0,0,-10,0,0,-11,-9,-10,-6,-2,0,0,0,0,9,15,17,15,17,16,15,10,10,12,10,8,18,26,26,26,26,26,26,26,26,35,23,35,60,27,27,27,26,26,27,29,57,0,0,8,7,0,0,0,0,0,9,0,0,0,0,0,0,0,0,0,0,0,0,0,0,0,0,0,0,0,0,0,0,0,0,0,0,0,0,-700,0]} 1. e4 e6 2. d4 d5 3. Nd2 c5 4. exd5 Qxd5 5. Ngf3 cxd4 6. Bc4 Qd6 7. O-O Nf6 8. Nb3 Nc6 9. Nbxd4 Nxd4 10. Qxd4 Qxd4 11. Nxd4 Bc5 {C07: French Tarrasch: 3...c5, 4 Ngf3 and 4 exd5 Qxd5.} 12. Nb3 Bb6 13. Bf4 Bd7 {The position is equal.} 14. c3 O-O-O 15. Be5 Bc6 {[#]} 16. Nd4 $146 ({Predecessor:} 16. Bd4 Bxd4 17. Nxd4 Bd5 18. Bb3 e5 19. Nf5 Be4 20. Ne3 Bg6 21. Rfd1 Ne4 22. Bd5 {½-½ (45) Korinek,O (2328)-Novotny,M (2278) Czech Republic 2016}) 16... Bd5 17. Bxd5 Rxd5 18. Nf3 Rhd8 19. Bxf6 gxf6 20. Rfe1 Bc5 21. Kf1 b5 22. c4 bxc4 23. Rac1 Kb7 24. Rxc4 R8d7 25. g3 h6 26. Kg2 Be7 27. Re3 Rb5 28. b3 Rc5 29. Rec3 Kb6 30. Rb4+ Rb5 31. Rh4 h5 32. Rc8 Rd8 {Inhibits Rh8.} 33. Rxd8 Bxd8 $11 {[%mdl 4096] Endgame KRB-KRN} 34. g4 hxg4 35. Rxg4 Kc5 36. Rg7 (36. Rd4 $5 {[%cal Rd4d8]} Bb6 37. h4 $16) 36... Rb7 37. h4 f5 38. h5 Bf6 39. Rg8 Kb4 $1 40. h6 ({White should play} 40. Rc8 $1 $14) 40... Ka3 41. h7 Kxa2 42. h8=Q Bxh8 43. Rxh8 Kxb3 {KRN-KR} 44. Ra8 Kb4 45. Ne5 {[%cal Oa8a7]} Kb5 46. Rf8 a5 47. Nxf7 {[#] Nd6+ is the strong threat.} Ra7 48. Rb8+ Kc5 49. Ng5 Ra6 50. Rc8+ Kd5 51. Rd8+ Kc4 52. Rc8+ Kd5 53. Rd8+ Kc4 54. Nf3 a4 55. Nd2+ Kc3 56. Nb1+ Kc2 57. Na3+ Kb2 58. Rd3 {[#] Strongly threatening Nc4+.} Rc6 {Prevents Nc4+.} 59. Rd8 $2 {[%mdl 8192]} Ra6 $2 {Weighted Error Value: White=0.21 (precise) /Black=0.02 (flawless)} (59... Kxa3 $19 60. Rb8 Ka2) 1/2-1/2

[Event "BAN-chT Golden Jubilee 2021-22"]
[Site "Dhaka"]
[Date "2022.03.17"]
[Round "8.16"]
[White "Nayem, Haque"]
[Black "Ikramul, Haq Siam"]
[Result "1/2-1/2"]
[WhiteElo "2150"]
[BlackElo "2075"]
[Annotator "TA"]
[PlyCount "100"]
[EventDate "2022.03.10"]
[EventType "team-tourn"]
[EventCountry "BAN"]
[SourceTitle "playchess.com"]
[Source "ChessBase"]
[SourceQuality "1"]

{[%evp 9,100,17,21,14,23,0,17,26,37,22,22,5,43,49,39,45,71,72,74,88,70,44,57,52,124,100,130,125,133,124,120,118,150,93,90,108,177,216,197,218,214,206,204,190,232,233,260,252,252,235,263,165,254,255,801,183,178,0,784,207,279,263,264,43,34,6,78,0,0,-347,0,-712,-694,-1007,-1007,-29995,-29975,-5365,-983,-974,0,0,0,0,0,0,0,0,0,0,0,0,0]} 1. e4 {ChessBase II} c6 2. d4 d5 3. e5 c5 4. dxc5 e6 5. Nf3 Bxc5 6. Bd3 {B12: Caro-Kann: Advance Variation.} Nc6 {6...Ne7 injects fresh life into this line.} 7. a3 Nge7 8. b4 Bb6 9. Bb2 Ng6 10. g3 Bc7 {[%cal Rg6e5]} 11. Qe2 a6 12. Nbd2 {[#]} d4 $146 {[%cal Rg6e5]} ({Predecessor:} 12... Bd7 13. O-O O-O 14. Nb3 f6 15. exf6 gxf6 16. Nc5 Qc8 17. c4 Nce7 18. Rfe1 Kf7 19. Rad1 Rg8 20. cxd5 {1-0 (20) Migot,T (2360)-Rayne,R (2045) Sautron 2017 EXT 2020 [ChessBase II]}) 13. Be4 Ngxe5 14. Nxe5 Nxe5 15. f4 (15. Nb3 $5 {[%cal Rb2d4]}) 15... Nc6 16. Nf3 {aiming for 0-0-0.} Bb6 (16... e5 $14) 17. O-O-O $16 {Threatens to win with Bxc6+.} Bd7 18. Nxd4 Nxd4 19. Bxd4 Bxd4 20. Rxd4 Qb6 21. Qd3 {White is much more active. Black has bad knights.} (21. Rhd1 $142 Bb5 22. Qf3) 21... Bb5 22. c4 Rc8 (22... Qc7 $16) 23. Kb2 $18 Bc6 24. Rd1 Bxe4 25. Qxe4 {Black must now prevent Rd6.} (25. Rxe4 Rd8 26. Qxd8+ Qxd8 27. Rxd8+ Kxd8 $11) 25... O-O 26. Rd6 $36 {[%mdl 2048] White is really pushing.} Qf2+ (26... Rc6 {was necessary.} 27. Rd7 Rc7) 27. R1d2 $1 Qf1 28. c5 Rb8 29. Rd7 a5 30. Qd3 Qh1 (30... Qe1 $142) 31. b5 $1 (31. bxa5 Qc6 $14) 31... h5 $2 (31... Qe1 32. Ka2 g6) 32. Qb1 $2 (32. Qe2) 32... Qf3 33. Qd3 $2 (33. Qc2) 33... Qh1 $1 34. Rc2 $2 (34. Qe2) 34... h4 35. gxh4 Qe1 36. Qg3 (36. Rg2 $18 Qxh4 37. Qd4) 36... Qf1 $14 37. a4 (37. Qb3 $5 {[%cal Rb3c4]}) 37... Rfd8 {[#]} (37... Rbd8 $1 $11 {remains equal.} 38. Rcd2 (38. Rxb7 $2 Rd4 $19) 38... Rxd7 39. Rxd7 Rc8) 38. Rxd8+ (38. Qf2 $1 $16 Qh3 39. Rd6) 38... Rxd8 $16 {[%cal Bb8d8,Bd8d4,Bd4a4][%mdl 4128] Endgame KQR-KQR} 39. Qf2 $2 {[%mdl 8192] [#]} (39. Qc3 $11 {and White has nothing to worry.}) 39... Qd3 $2 (39... Qd1 $1 $19 {And now ...Rd4 would win.} 40. c6 bxc6) 40. Rc3 $2 {[%mdl 8192] [#]} (40. c6 $11 bxc6 41. Rxc6) 40... Qd1 $1 $19 (40... Qe4 41. Qc2 Qxf4 42. c6 bxc6 43. bxc6 $11) 41. Rc2 {Inhibits Rd2.} Rd4 42. c6 Rxa4 43. Qc5 b6 ({And not} 43... Rb4+ 44. Qxb4 axb4 45. c7 Qd4+ 46. Kb1 Qd1+ 47. Kb2 Qd4+ 48. Kb1 Qd1+ 49. Kb2 $11) (43... Qa1+ $142 44. Kb3 Rxf4) 44. Rc1 Qd2+ $2 ({Don't take} 44... bxc5 45. Rxd1 Kh7 46. c7 Rxf4 47. c8=Q $18) (44... Qe2+ $19 45. Rc2 Qd3) 45. Qc2 $1 $11 {The position is equal.} Qd4+ 46. Qc3 {Qxd4 is the strong threat.} Qd5 {[%csl Ga4][%cal Rd5a2]} 47. Qb3 {To avoid Qa2+} Qd4+ 48. Rc3 {Hoping for c7.} Qd2+ (48... Qxf4 $2 49. c7 Rb4 50. c8=Q+ $18) (48... Rb4 $5 49. c7 Qd2+ 50. Ka3 Rxb3+ 51. Kxb3 a4+ 52. Kb4 Qd4+ 53. Rc4 Qd6+ 54. Kxa4 Qd1+ 55. Kb4 Qd2+ 56. Ka4 Qa5+ 57. Kb3 Qxb5+ 58. Kc3 Qa5+ 59. Kb3 Qb5+ 60. Kc3 Qa5+ 61. Kb3 Qb5+ $11) 49. Rc2 Qd4+ 50. Rc3 $1 {Strongly threatening c7.} Qd2+ {White happily takes the draw.  Weighted Error Value: White=0.98/Black=0.44} (50... Qxf4 $2 51. c7 Rb4 52. c8=Q+ $18) (50... Rb4 $5 51. c7 Rxb3+ 52. Kxb3 Qb4+ 53. Kc2 Qe4+ 54. Kd2 Qg2+ 55. Kd3 Qh3+ 56. Kc2 Qf5+ 57. Kd2 Qxf4+ 58. Kc2 Qf5+ 59. Kd2 Qf4+ 60. Kc2 Qe4+ 61. Kd2 Qg2+ 62. Kd3 Qf3+ 63. Kd2 Qf4+ $11) 1/2-1/2

[Event "BAN-chT Golden Jubilee 2021-22"]
[Site "Dhaka"]
[Date "2022.03.17"]
[Round "8.17"]
[White "Mohammad Nubairshah Shaikh"]
[Black "Ghosh, Diptayan"]
[Result "1/2-1/2"]
[WhiteElo "2436"]
[BlackElo "2541"]
[Annotator "TA"]
[PlyCount "54"]
[EventDate "2022.03.10"]
[EventType "team-tourn"]
[EventCountry "BAN"]
[SourceTitle "playchess.com"]
[Source "ChessBase"]
[SourceQuality "1"]

{[%evp 9,54,12,32,32,11,0,0,0,0,0,8,0,17,35,35,31,58,37,44,41,35,27,41,46,40,51,49,15,13,17,7,0,0,0,0,0,0,0,0,0,0,0,0,0,0,0,0]} 1. Nf3 d5 2. g3 Nd7 3. d4 Ngf6 4. Bg2 b5 5. a4 b4 6. c4 {D02: 1 d4 d5 2 Nf3 sidelines, including 2...Nf6 3 g3 and 2...Nf6 3 Bf4.} bxc3 7. bxc3 {[%cal Bb2c3,Bc3c4][%mdl 32]} Ba6 8. O-O e6 9. Na3 {[%cal Oc3c4]} Be7 10. c4 {[#]} O-O $146 ({Predecessor:} 10... c6 11. Nd2 O-O 12. Re1 Bb4 13. Nc2 Bc3 14. Ba3 Bxa1 15. Bxf8 Bxd4 16. Nxd4 Qxf8 17. Nxc6 {0-1 (48) Stojanovic,A (2326)-Pogonina,N (2448) Tbilisi 2011}) 11. Ne5 Nxe5 12. dxe5 Ne4 13. Qc2 {cxd5 is the strong threat.} c6 14. Bxe4 dxe4 15. Qxe4 {[%cal Oa3b5]} Qa5 {Prevents Nb5.} 16. Be3 {[%cal Oa3b5]} Bxa3 17. Rxa3 Qb4 {[%csl LRa3,LRc4]} 18. Raa1 (18. Ra2 $5 {[%cal Rf1c1]}) 18... Qxc4 {The position is equal.} 19. Qxc4 Bxc4 20. Rfc1 Bxe2 21. Rxc6 a6 22. Rac1 h6 23. Kg2 Rfd8 24. Rd6 Rdc8 25. Rdc6 Rd8 26. Rd6 Rdc8 27. Rdc6 Rd8 {Weighted Error Value: White=0.04 (flawless) /Black=0.03 (flawless)} 1/2-1/2

[Event "BAN-chT Golden Jubilee 2021-22"]
[Site "Dhaka"]
[Date "2022.03.17"]
[Round "8.18"]
[White "Shyam, Sundar M."]
[Black "Ghosh, Chanchal Kumer"]
[Result "1-0"]
[WhiteElo "2528"]
[BlackElo "2074"]
[Annotator "TA"]
[PlyCount "77"]
[EventDate "2022.03.10"]
[EventType "team-tourn"]
[EventCountry "BAN"]
[SourceTitle "playchess.com"]
[Source "ChessBase"]
[SourceQuality "1"]

{[%evp 12,77,14,37,115,130,115,72,80,91,80,55,132,74,104,100,108,87,86,78,82,84,118,122,127,122,120,120,111,89,145,142,161,159,168,169,169,162,162,152,160,93,95,92,179,162,222,206,328,329,343,336,496,521,816,631,686,587,1516,1372,1316,1315,29968,5522,29983,29983,29987,1074]} 1. e4 c5 2. Nf3 d6 3. d4 cxd4 4. Nxd4 Nf6 5. Nc3 a6 6. Be3 Ng4 7. Bg5 {7.Bc1 injects fresh life into this line.} Qb6 {B90: Sicilian Najdorf: Unusual White 6th moves, 6 Be3 Ng4 and 6 Be3 e5.} (7... h6 $14 8. Bc1 e5) 8. Nd5 $16 Qd8 9. a4 (9. c3 $142) 9... h6 {White is better.} 10. Bh4 {White is much more active.} Nc6 {[#]} 11. Be2 $146 ({Predecessor:} 11. c3 g5 12. Bg3 Bg7 13. Be2 Nxd4 14. cxd4 Nf6 15. Nxf6+ Bxf6 {½-½ (39) Gushuliak,J-Milord,F Winnipeg 1998}) 11... Nf6 ({Black should play} 11... g5 $14 12. Bg3 (12. Bxg4 Bxg4 13. Qxg4 Nxd4 $11) 12... Bg7) 12. Nxf6+ (12. Bxf6 $142 gxf6 13. Qd2) 12... gxf6 13. O-O Qb6 {[%csl LRb2,LRd4]} 14. Nb3 Be6 {[%cal Oh6h5]} 15. Kh1 Rc8 16. f4 Qb4 17. Bd3 h5 18. Be1 Qb6 19. a5 Qc7 20. Bc3 h4 {[#]} (20... Bg7 $142) 21. h3 $1 Bh6 22. Qe1 Qd7 {[%cal Oe6h3]} 23. Rf3 (23. Qxh4 $6 Bxh3 24. Kg1 (24. Qxh3 Bg7 $17) 24... Be6 $14) 23... Bg7 24. Nd2 {And now f5 would win.} Qc7 25. Nf1 d5 26. Nh2 (26. exd5 $142 Bxd5 27. Be4 Bxe4 28. Qxe4) 26... Kf8 27. f5 dxe4 28. Bxe4 $18 Bd7 (28... Bc4 $142 29. b3 Bb5) 29. Ng4 Ne5 (29... Qb8 {was worth a try.} 30. Rd1 Be8) 30. Bxe5 fxe5 31. Qb4 {Hoping for f6.} ({Weaker is} 31. f6 exf6 32. Qb4+ (32. Nxf6 Bxf6 33. Rxf6 Be6 $18) 32... Qc5 33. Qxb7 Qb5 $18) 31... Bc6 (31... Kg8 $142 32. f6 exf6 33. Nxf6+ Bxf6) 32. f6 Bh6 33. Nxh6 Rxh6 34. Raf1 {White wants to mate with fxe7+.} Bxe4 35. fxe7+ {[%mdl 64] [#] Discovered Attack} ({Not} 35. Qxe4 exf6 36. Rxf6 Rxf6 37. Rxf6 Rd8 $16) 35... Ke8 36. Qxe4 f6 37. Qg4 {Rc3 would kill now.} Qxc2 38. Qg8+ Kd7 39. e8=Q+ {Weighted Error Value: White=0.14 (very precise) /Black=0.70} (39. Qf7 $142 Re8 40. Rc3 Qd2 41. Rfc1 Rg6 42. Rc7+ Kd6 43. Qxg6 Qxc1+ 44. Rxc1) 1-0

[Event "BAN-chT Golden Jubilee 2021-22"]
[Site "Dhaka"]
[Date "2022.03.17"]
[Round "8.19"]
[White "Himanshu, Sharma"]
[Black "Ahmed, Shafiq"]
[Result "1/2-1/2"]
[WhiteElo "2391"]
[BlackElo "2106"]
[Annotator "TA"]
[PlyCount "141"]
[EventDate "2022.03.10"]
[EventType "team-tourn"]
[EventCountry "BAN"]
[SourceTitle "playchess.com"]
[Source "ChessBase"]
[SourceQuality "1"]

{[%evp 11,141,43,56,10,15,8,16,9,50,25,94,56,81,57,47,35,64,80,68,73,66,59,65,68,147,143,145,139,135,117,134,111,131,120,133,125,147,114,142,92,90,97,100,91,144,127,136,126,637,645,628,360,322,325,289,299,299,-100,-116,-117,-119,-112,-121,-109,-110,-125,-102,-102,-102,-109,-102,-99,-101,-102,-47,-61,-17,-53,-59,-62,-54,-35,-43,-118,-55,-134,-68,-67,-66,-145,-34,-35,-41,-53,-46,-304,-304,-270,-233,-221,-215,-135,-46,-46,-46,-72,0,-69,0,-65,-65,-54,-63,-79,-41,-39,-38,-43,0,-103,-103,-208,-81,-81,-38,-37,-33,-51,-51,-48,0,0]} 1. e4 e6 2. d4 d5 3. Nd2 dxe4 4. Nxe4 Nf6 5. Nxf6+ Qxf6 6. Nf3 h6 7. Bc4 {C10: French with 3 Nc3: Unusual Black 3rd moves and 3...dxe4.} (7. Bd3 $14) 7... Bd6 8. O-O O-O 9. Bd2 Nd7 (9... Nc6 $11) 10. Re1 Nb6 (10... Rb8 $11) 11. Bf1 Bf4 12. Bb4 {[#]} Bd6 $146 ({Predecessor:} 12... Rd8 13. c4 Bd7 14. Bc3 Na4 15. Bd2 Nxb2 16. Qc1 Bxd2 17. Qxd2 Na4 18. Rab1 c5 {0-1 (40) Lachmann,H-Juergens,N Guetersloh 1952}) 13. Ba5 Nd5 14. c4 Bb4 15. Bxb4 (15. cxd5 Bxa5 16. dxe6 (16. Re5 exd5 17. Rxd5 Bb6 $17) 16... Bxe6 $17) 15... Nxb4 16. Qb3 a5 17. Rad1 c6 (17... Rd8 $14) 18. a3 $16 Na6 19. Ne5 Nc7 20. Qg3 Qg5 21. Ng4 h5 22. Qxc7 Qxg4 23. Rd3 h4 24. Qe7 b5 25. Be2 (25. cxb5 $142 cxb5 26. Be2) 25... Qf4 26. cxb5 cxb5 27. Bf3 Ra6 (27... Rb8 $142) 28. Re4 $36 {[%mdl 2048] White is on the roll. White is much more active. Black has bad knights.} Qf5 29. Rd1 ({Much less strong is} 29. Qxh4 Bb7 $16) 29... h3 {[%mdl 8192]} (29... Qf6 $16 30. Qxf6 gxf6 31. Rg4+ (31. Rxh4 Rd8 $16) 31... Kh7 32. Rxh4+ Kg7 33. Rg4+ Kh6 34. Rh4+ Kg7 35. Rg4+ Kh6 36. Rh4+ Kg7) 30. Rh4 $18 Qc2 31. Rxh3 e5 {[#]} 32. Rh8+ {[%mdl 512]} Kxh8 33. Qxf8+ Kh7 34. Qxf7 $2 (34. dxe5 $18 Re6 35. Qxf7 Rxe5 36. h3) 34... e4 $17 35. Qh5+ Rh6 36. Qc5 Qxc5 37. Bxe4+ {[#]} Qf5 $1 38. f3 {[#]} Kg8 $1 39. Bxf5 Bxf5 {[%mdl 4096] Endgame KRB-KR} 40. g4 Bd7 41. Kg2 Rc6 42. Rd2 {Prevents Rc2.} b4 ({Black should play} 42... Kf7 $17) 43. axb4 $15 axb4 (43... a4 $1 $15) 44. Kg3 Be6 45. Kf4 Bd5 46. Ke5 Bxf3 47. g5 (47. d5 $15 Rc8 48. g5) 47... Kh7 (47... Rc1 $17 48. d5 Rd1 49. Rxd1 Bxd1) 48. Rd3 (48. d5 $15 Rc5 49. Kd6) 48... Bg4 (48... Be2 $17 49. d5 Rc2) 49. d5 Rb6 50. Kd4 (50. Rd4 $15 Bd7 51. Rc4) 50... b3 (50... Kg6 $17 {Hoping for ...Bf5.} 51. Rg3 Bf5) 51. Kc5 Rb8 52. Rd4 $1 Bf5 53. Kd6 $2 {[%mdl 8192]} ({White must play} 53. Rb4 $1 $15 Rxb4 54. Kxb4) 53... Kg6 $19 54. h4 Re8 55. Rb4 Re3 56. Rb7 Re4 (56... Bg4 $17 {aiming for ...Bf3.} 57. Rb4 Bf5) 57. Rxb3 $15 Rxh4 58. Rb7 {[#]} Rh7 ({Much worse is} 58... Kxg5 59. Rxg7+ Kf6 60. Ra7 $11) (58... Bh3 $1 $17 59. Ke7 Rf4) 59. Ke5 (59. b4 $11) 59... Kxg5 ({Better is} 59... Rh5 $1 $15 60. Kd6 Rxg5) 60. Rf7 ({White should try} 60. b4 $11) 60... Bg4 61. b4 Kg6 62. Rf8 Rh5+ 63. Kd6 Be2 64. Kc6 Rf5 (64... Bd3 $15 {is more appropriate.} 65. d6 Bb5+ 66. Kb6 Ba4) 65. Rd8 (65. Rxf5 $11 Kxf5 66. d6) 65... Rf4 66. Rb8 (66. Re8 $17 Rc4+ 67. Kd6) 66... Bf3 (66... Rc4+ $19 {is more deadly.} 67. Kd6 Bf3) 67. Kc5 $17 {[#]} Rf5 (67... Rf7 $1 $17 {Threatens to win with ...Rc7+.} 68. b5 Rd7 69. Rb6+ Kf7) 68. Rd8 $1 $15 Kf7 69. b5 {b6 is the strong threat.} Ke7 70. Rd6 Bxd5 71. Rxd5 {Never resign too early!  Weighted Error Value: White=0.40/Black=0.40} 1/2-1/2